Cultural studies for beginners / (Record no. 31006)

MARC details
000 -LEADER
fixed length control field 01064nam a22003137a 4500
003 - CONTROL NUMBER IDENTIFIER
control field EG-ScBUE
005 - DATE AND TIME OF LATEST TRANSACTION
control field 20251125100820.0
008 - FIXED-LENGTH DATA ELEMENTS--GENERAL INFORMATION
fixed length control field 200219r19981997mau f 000 0 eng d
020 ## - INTERNATIONAL STANDARD BOOK NUMBER
International Standard Book Number 9781874166986
020 ## - INTERNATIONAL STANDARD BOOK NUMBER
International Standard Book Number 1874166986
040 ## - CATALOGING SOURCE
Original cataloging agency EG-ScBUE
Language of cataloging eng
Description conventions rda
Transcribing agency EG-ScBUE
Modifying agency EG-ScBUE
082 04 - DEWEY DECIMAL CLASSIFICATION NUMBER
Classification number 306
Edition number 22
Item number SAR
100 1# - MAIN ENTRY--PERSONAL NAME
Personal name Sardar, Ziauddin,
Relator term author.
245 10 - TITLE STATEMENT
Title Cultural studies for beginners /
Statement of responsibility, etc Ziauddin Sardar and Borin Van Loon ; edited by Richard Appignanesi.
250 ## - EDITION STATEMENT
Edition statement Reprinted edition.
264 #1 - PUBLICATION, DISTRIBUTION, ETC. (IMPRINT)
Place of publication, distribution, etc Cambridge :
Name of publisher, distributor, etc Icon Books,
Date of publication, distribution, etc 1998.
300 ## - PHYSICAL DESCRIPTION
Extent 176 pages :
Other physical details illustrations ;
Dimensions 21 cm
336 ## - CONTENT TYPE
Content type term text
Source rdacontent
Content type code txt
337 ## - MEDIA TYPE
Media type term unmediated
Source rdamedia
Media type code n
338 ## - CARRIER TYPE
Carrier type term volume
Source rdacarrier
Carrier type code nc
650 #7 - SUBJECT ADDED ENTRY--TOPICAL TERM
Topical term or geographic name as entry element Culture.
Source of heading or term BUEsh
655 ## - INDEX TERM--GENRE/FORM
Form subdivision Reading book
700 1# - ADDED ENTRY--PERSONAL NAME
Personal name Van Loon, Borin,
Relator term author.
700 1# - ADDED ENTRY--PERSONAL NAME
Personal name Appignanesi, Richard,
Relator term editor.
886 2# - FOREIGN MARC INFORMATION FIELD
2 ukmarc
a 900
b 10
a Loon
h Borin Van
x See
a Van Loon, Borin
z 700
942 ## - ADDED ENTRY ELEMENTS (KOHA)
Source of classification or shelving scheme Dewey Decimal Classification
Koha item type Book - Borrowing
Holdings
Withdrawn status Lost status Source of classification or shelving scheme Damaged status Not for loan Collection code Home library Current library Shelving location Date acquired Source of acquisition Total Checkouts Full call number Barcode Date last seen Price effective from Koha item type
    Dewey Decimal Classification     Donation-Gift Central Library Central Library First floor 25/11/2025 Donation   306 SAR 000057400 25/11/2025 25/11/2025 Book - Borrowing